000 00576nam a2200217Ia 4500
001 12104
003 GE_BSU
008 181216s||||||||xx |||||||||||||| ||und||
020 _a9780813034607
040 _cGE_BSU
080 _a005.8
245 _aCultural Heritage Management A Global Perspeqtive
245 _cEdited by Phillis Mauh Messenger And George S. Smith
260 _aGaineswill
260 _bUniversity Press
260 _c2010
300 _a319p.ill.25cm.
541 _h169Gel.
653 _aCultural Heritage Management A Global Perspeqtive
942 _cBK
999 _c45280
_d45280